UM Logo

Inquiry into chemistry: (Record no. 537)

MARC details
000 -LEADER
fixed length control field 00540nam a22001817a 4500
003 - CONTROL NUMBER IDENTIFIER
control field OSt
005 - DATE AND TIME OF LATEST TRANSACTION
control field 20160906181211.0
008 - FIXED-LENGTH DATA ELEMENTS--GENERAL INFORMATION
fixed length control field 160107b xxu||||| |||| 00| 0 eng d
020 ## - INTERNATIONAL STANDARD BOOK NUMBER
International Standard Book Number 9780078912313
040 ## - CATALOGING SOURCE
Transcribing agency LIC
082 ## - DEWEY DECIMAL CLASSIFICATION NUMBER
Classification number DK12 540.78
Item number In7
Edition number [2009]
245 ## - TITLE STATEMENT
Title Inquiry into chemistry:
Remainder of title Laboratory manual/
260 ## - PUBLICATION, DISTRIBUTION, ETC. (IMPRINT)
Place of publication, distribution, etc. Columbus, Ohio:
Name of publisher, distributor, etc. The McGraw-Hill Companies, Inc.,
300 ## - PHYSICAL DESCRIPTION
Extent vi, 42 pages:
Other physical details illustrations;
Dimensions 27 cm.
650 #0 - SUBJECT ADDED ENTRY--TOPICAL TERM
9 (RLIN) 1420
Topical term or geographic name as entry element Chemistry
General subdivision Laboratory manual
650 #0 - SUBJECT ADDED ENTRY--TOPICAL TERM
9 (RLIN) 1421
Topical term or geographic name as entry element Chemistry
General subdivision Experiments
942 ## - ADDED ENTRY ELEMENTS (KOHA)
Source of classification or shelving scheme Dewey Decimal Classification
Koha item type Circulation
Holdings
Withdrawn status Lost status Source of classification or shelving scheme Damaged status Not for loan Collection code Home library Current library Date acquired Source of acquisition Total Checkouts Full call number Barcode Date last seen Copy number Price effective from Koha item type
    Dewey Decimal Classification     K-12 UM Digos College - LIC UM Digos College - LIC 08/12/2015 Purchased   DK12 540.78 In7 [2009] 23149 05/15/2025 1 01/07/2016 Circulation